| 000 | 003560000a22001570004500 | ||
|---|---|---|---|
| 001 | 001920 | ||
| 003 | MACL | ||
| 040 | _aMACL | ||
| 090 |
_c13913 _d13912 |
||
| 100 | _aBesant, Annie | ||
| 245 |
_aA Study in Conscoiusness _cAnnie Besant |
||
| 260 |
_aThe Theosophical Publishing House, _c1999 |
||
| 350 | _a125 | ||
| 650 | _aPhilosophy | ||
| 942 |
_k126 _cBook |
||
| 999 |
_c13836 _d13836 |
||